000 00960nam a2200253 i 4500
001 169074
003 ES-MaACL
005 20250812062534.0
008 080806s1954 sp f |||| |dspa d
080 _a32 Donoso Cortés, Juan
100 1 _aSuárez, Federico.
_9108558
245 1 0 _aDonoso Cortés en el pensamiento europeo del siglo XIX /
_cFederico Suárez Verdeguer.
260 _aMadrid :
_bAteneo,
_c1954.
300 _a36 p. :
_b1 lám. ;
_c19 cm.
490 1 _aColección "O crece o muere" ;
_v64
500 _aEl original fue dado a conocer por el autor en el Ateneo de Madrid, el 16 de mayo de 1953.
600 1 4 _aDonoso Cortés, Juan,
_d1809-1853-
_xCrítica e interpretación
_9172937
610 2 4 _aAteneo de Madrid-
_vConferencias-
_y1940-1982.
_91908
710 2 _aAteneo de Madrid.
_91875
830 1 0 _aColección "O crece o muere"
_v64
_9183476
852 _aES-MaACL
_jJ-24(64)
852 _aES-MaACL
_jJ-25(64)
999 _c169074
_d169074